| 000 | 00679nam a2200217 a 4500 | ||
|---|---|---|---|
| 005 | 20240920064104.0 | ||
| 008 | 030305s2001 mx r 000 0 spa d | ||
| 020 | _a8483164426 | ||
| 035 | _aUPN01000122525 | ||
| 049 | _aCG | ||
| 050 | 4 |
_aHQ755.8 _bP4.2 |
|
| 100 | 1 | _aPereira, Sofía | |
| 245 | 1 | 3 |
_aEl arte de educar en familia : _bayudando a nuestros hijos desde su nacimiento hasta la mayoría de edad / _cSofía Pereira. |
| 260 |
_aMadrid : _bCCS, _c2001. |
||
| 300 | _a228 p. | ||
| 440 | 0 |
_aMateriales para educadores ; _v54 |
|
| 650 | 4 |
_aEducación de niños _95387 |
|
| 650 | 2 |
_aEscuela de padres _9208 |
|
| 650 | 4 |
_aVIDA FAMILIAR - _xEDUCACION _915116 |
|
| 905 | _aLibro | ||
| 999 |
_c94712 _d94712 |
||